Mahatma Jotirao Phooley (Record no. 10352)

MARC details
000 -LEADER
fixed length control field 00627nam a2200241 a 4500
020 ## - INTERNATIONAL STANDARD BOOK NUMBER
ISBN 817154X
082 00 - DEWEY DECIMAL CLASSIFICATION NUMBER
Classification number 923.2
Author Cutter KEE
100 ## - MAIN ENTRY--AUTHOR NAME
Author name Keer, Dhananjay
245 ## - TITLE STATEMENT
Title Mahatma Jotirao Phooley
Sub title Father of Indian Social Revolution
260 ## - PUBLICATION, DISTRIBUTION, ETC. (IMPRINT)
Place of publication Bombay
Name of publisher Popular Prakashan
Year of publication 1974
300 ## - PHYSICAL DESCRIPTION
Number of Pages 295p
500 ## - GENERAL NOTE
General note includes index and biblioraphy
505 2# - FORMATTED CONTENTS NOTE
Formatted contents note Index
650 ## - SUBJECT ADDED ENTRY--TOPICAL TERM
Topical Term Biography-Politician
942 ## - ADDED ENTRY ELEMENTS (KOHA)
Koha item type Books
700 1# -
-- Keer, Dhananjay
Holdings
Collection code Home library Current library Date acquired Cost, normal purchase price Full call number Accession Number Koha item type
  Henry Martyn Institute Library Henry Martyn Institute Library 06/06/2007 300.00 923.2 KEE 017701 Books
                   Copyright © 2026 | Henry Martyn Institute | Hyderabad | TS-500052 | INDIA | Implemented by hmi.edu.in
Hit-Count:

Powered by Koha